Escritos joánicos y cartas católicas
Na minha lista:
| Autor principal: | |
|---|---|
| Outros Autores: | |
| Formato: | Livro |
| Idioma: | espanhol |
| Publicado em: |
Pamplona, España
Verbo Divino
1997
|
| Edição: | 2a. ed |
| coleção: | Colección Introducción al Estudio de la Biblia,
|
| Assuntos: | |
| Tags: |
Adicionar Tag
Sem tags, seja o primeiro a adicionar uma tag!
|
MARC
| LEADER | 00000cam a2200000 a 4500 | ||
|---|---|---|---|
| 001 | UCP3585 | ||
| 003 | CL-VaPUC | ||
| 005 | 20241107120132.0 | ||
| 008 | 990625e19970000SP |||||||||||||||||spa|d | ||
| 020 | |a 9788471519092 | ||
| 040 | |c Pontificia Universidad Católica de Valparaíso | ||
| 082 | 0 | 4 | |a 226.5 TUÑ 1997 |2 21 |
| 100 | 0 | |a Tuñi Vancells, Josep Oriol |e author |9 430936 | |
| 245 | 1 | 0 | |a Escritos joánicos y cartas católicas |
| 250 | |a 2a. ed | ||
| 260 | |a Pamplona, España |b Verbo Divino |c 1997 | ||
| 300 | |a 392 páginas | ||
| 440 | |a Colección Introducción al Estudio de la Biblia, |n 8 |9 860224 | ||
| 583 | |a last modification |c 20190814 01:00:21 |k Rodrigo Vera | ||
| 650 | 0 | |a Biblia |9 257603 | |
| 650 | 0 | |a Textos sagrados |x Crítica e interpretación |9 257605 | |
| 650 | 0 | |a Evangelios |9 314864 | |
| 700 | |a Alegre Santamaría, Xavier |e autor |9 430937 | ||
| 942 | |c BK |2 ddc | ||
| 945 | |d 19990625 00:00:00 |a rbrito | ||
| 999 | |c 281852 |d 281850 | ||
| 952 | |0 0 |1 0 |4 0 |6 226_500000000000000_TUÑ_1997 |7 0 |8 A |9 322897 |a BIBTEO |b BIBTEO |d 2019-11-20 |i 3522253 |l 1 |o 226.5 TUÑ 1997 |p 3522253 |r 2025-01-17 |s 2024-06-19 |w 2019-11-20 |y BK |k ICR | ||
| 952 | |0 0 |1 0 |2 ddc |3 erb |4 0 |6 226_500000000000000_TUÑ_1997 |7 0 |8 A |9 322898 |a BIBTEO |b BIBTEO |d 2019-08-13 |e 8 |g 24500.00 |i 5559510 |l 1 |o 226.5 TUÑ 1997 |p 5559510 |r 2025-01-17 |s 2024-08-22 |v 24500.00 |y BK |z Catalogado en:20190814 |k ICR | ||